• 首页
  • 本馆介绍
  • 公告通知
  • 最新文献
  • 馆藏检索
  • 电子资源
  • 读者导购
  • 参考咨询
  • 我的图书馆
  • 登录
  • 详细信息显示
  • 放入我的书架
  • 预约/预借图书
  • 作者相关作品
  • 分类相关作品
  • 丛书相关作品
  • 出版社相关作品

书目信息

  • 表格格式
  • 工作单格式
  • 卡片格式
题名:
舒适的代价
    
 
作者: 曹南燕 , 何芝江 著
分册:  
出版信息: 天津   天津教育出版社  2001
页数: 128页
开本: 20cm
丛书名: 绿色未来
单 册:
中图分类: X734.201
科图分类:
主题词: 汽车排气--空气污染控制--青年读物
电子资源:
ISBN: 7-5309-3263-2
000 00888oam2 2200265 450
001 1550136892
005 20150127131921.42
010    @a7-5309-3263-2@dCNY12.60
100    @a20010614d2001 am y0chiy0110 ea
101 0  @achi
102    @aCN@b120000
105    @aa z 000yy
200 1  @a舒适的代价@9shu shi de dai jia@e汽车与环境@f曹南燕,何芝江著
210    @a天津@c天津教育出版社@d2001
215    @a128页@c照片@d20cm
225 2  @a绿色未来
330    @a汽车使人们的生活便利,但其尾气排放也造成了严重的环境污染。针对这种情况,本书提出了“绿色汽车”、郊区化运动、设立“无车日”等解决办法。
461  0 @12001 @a绿色未来
517 1  @a汽车与环境@9qi che yu huan jing
606 0  @a汽车排气@x空气污染控制@j青年读物
690    @aX734.201@v4
701  0 @a曹南燕@9cao nan yan@4著
701  0 @a何芝江@9he zhi jiang@4著
801  0 @aCN@bTSSF@c20150127
905    @aZUCC@dX734.201@eJY1
    
    舒适的代价:汽车与环境/曹南燕,何芝江著.-天津:天津教育出版社,2001
    128页:照片;20cm.-(绿色未来)
    
    
    ISBN 7-5309-3263-2:CNY12.60
    汽车使人们的生活便利,但其尾气排放也造成了严重的环境污染。针对这种情况,本书提出了“绿色汽车”、郊区化运动、设立“无车日”等解决办法。
●
相关链接 在E读中查询图书 在五车中查询图书 在当当中查询图书 在豆瓣中查询图书


正题名:舒适的代价     索取号:X734.201/JY1         预约/预借

序号 登录号 条形码 馆藏地/架位号 状态 备注
1 7852477   278524777   学院路分馆/ [索取号:X734.201/JY1] 在馆    
2 7852478   278524786   学院路分馆/ [索取号:X734.201/JY1] 在馆    
3 7852479   278524795   学院路分馆/ [索取号:X734.201/JY1] 在馆    
4 7852480   278524802   学院路分馆/ [索取号:X734.201/JY1] 在馆    
唐山师范学院图书馆 欢迎您!
大连网信软件有限公司© 版权所有